Statistics for "ARTsy" Words

Click here to take the quiz!

General Stats

  • This quiz has been taken 13 times
  • The average score is 12 of 18

Answer Stats

HintAnswer% Correct
To expel intestinal gas from the anus.Fart
100%
Third planet from the sun.Earth
90%
A person who serves drinks at a bar.Bartender
80%
The opposite of nearest.Farthest
80%
Inflammation of joints due to infectious, metabolic, or constitutional causes.Arthritis
70%
A shaking or trembling of the earth that is volcanic or tectonic in origin.Earthquake
70%
A school or class for children usually from four to six years old.Kindergarten
70%
A citizen of Mars.Martian
70%
A wild African hog that is a funny character in the Lion King movie.Warthog
70%
A former policy of segregation and political and economic discrimination in the South Africa.Apartheid
60%
A cocktail made of gin and dry vermouth.Martini
60%
A musical composition for four instruments or voices.Quartet
60%
The science or art of making maps.Cartography
50%
A lateral handspring with arms and legs extended.Cartwheel
50%
A person who voluntarily suffers death as the penalty of witnessing to and refusing to renounce a religion.Martyr
50%
An offensive back in football who usually lines up behind the center, calls the signals, and directs the offensive play of the team.Quarterback
50%
A drawing intended as satire, caricature, or humor.Cartoon
40%
The offices of a commander, as of a military unit, from which orders are issued.Headquarters
30%

Score Distribution

Percentile by Number Answered

Percent of People with Each Score

Your Score History

You have not taken this quiz